| 000 | 00510nam a2200181 a 4500 | ||
|---|---|---|---|
| 005 | 20140310183529.0 | ||
| 008 | 110822s19uu xx 00 eng d | ||
| 020 | _a9781422139868 | ||
| 050 |
_aHF 5549.5.J63 _b.L68 2010 |
||
| 245 |
_aLoving your work / _cHarvard Business Press. |
||
| 260 |
_aBoston, Massachusetts : _bLES50NS, _c2009. |
||
| 300 |
_a99 p.: _bcol. ill. ; _c18 cm. |
||
| 521 | _aBSBA | ||
| 650 | _aJob satisfaction | ||
| 650 | _aCareer development | ||
| 942 |
_cBK _2lcc _kFOR |
||
| 999 |
_c24572 _d24572 |
||